000
00319pab a2200145 454500
008
180718b1997 xxu||||| |||| 00| 0 eng d
100
_a
Radin, Beryl A.
245
_a
Instruments of federalism
260
_c
1997
300
_a
p.39-47
362
_a
Nov
650
_a
Federalism
773
_a
Seminar
909
_a
35623
999
_c
35623
_d
35623